000 00896nam a2200253 a 4500
001 000040179
005 20250701135406.0
008 130813s2006 dr d 000 0 spa d
020 _a9993478229
040 _aDO-SdBNP
_bspa
_cBNPHU
082 _a658.404
_bM181f
100 1 _aMadé Serrano, Nicolás
_911801
245 1 0 _aFormulación, evaluación y gerencia de proyectos /
_cNicolás Madé Serrano.
260 _aSanto Domingo :
_bImpresora Soto Castillo,
_c2006.
300 _a345 p. :
_bgráfic. ;
_c23 cm.
500 _aIncluye glosario de términos de proyectos.
504 _aBibliografía: p. 335-345
590 _aInventariado, 2018/ YL
650 4 _aElaboración de proyectos
_920595
650 4 _aEvaluación de proyectos
_920596
650 4 _aDesarrollo experimental
_920597
650 0 _aProyectos de desarrollo económico
_96643
910 _aValidado. Control de calidad EMS
999 _c39669
_d39669